| 000 | 01503nam a2200217Ia 4500 | ||
|---|---|---|---|
| 003 | Ost | ||
| 005 | 20260416102357.0 | ||
| 008 | 260416s9999||||xx |||||||||||||| ||und|| | ||
| 040 | _cfsecg | ||
| 041 | _aara | ||
| 082 | _a350.1 | ||
| 100 |
_aقديد، فوزية _eمؤلف |
||
| 245 | 0 |
_aتسيير المسارات المهنية : _bمطبوعة موجهة لطلبة قسم علوم التسيير / _c فوزية قديد |
|
| 260 |
_aالجزائر _bجامعة الجزائر3: كلية العلوم الإقتصادية، العلوم التجارية وعلوم التسيير _c2020 |
||
| 300 |
_a124 ورقة _c30 سم |
||
| 504 | _aمراجع ص120 | ||
| 520 | _aمفاهيم أساسية في تسيير المسارات المهنية ، ننمادج تسيير المسارات المهنية و أنواع المسارات المهنية ، دورة الحياة المهنية و مراحل تسيير المسار المهني ، آليات تسيير المسار المهني : الترقية ، النقل ، التدريب كآلية للتسيير المهني ، تخطيط المسار المهني ، التسيير التقديري للمناصب و الكفاءات ، أبعاد تسيير المسار المهني في القوانين 06/03 | ||
| 653 | _aادارة الافراد | ||
| 710 |
_aجامعة الجزائر3: كلية العلوم الإقتصادية، العلوم التجارية وعلوم التسيير _eناشر علمي |
||
| 942 | _cHANDOUT | ||
| 999 |
_c41247 _d41247 |
||